Historia universal de la civilizaciones (Record no. 21389)
[ view plain ]
| 000 -CABECERA | |
|---|---|
| campo de control de longitud fija | 01146cam a22002052a 4500 |
| 001 - NÚMERO DE CONTROL | |
| campo de control | 015631 |
| 003 - IDENTIFICADOR DEL NÚMERO DE CONTROL | |
| campo de control | AR-FADEU |
| 008 - DATOS DE LONGITUD FIJA--INFORMACIÓN GENERAL | |
| campo de control de longitud fija | 311216n1966####xxu####################dd |
| 092 ## - ASIGNACIÓN LOCAL DE SIGNATURA TOPOGRÁFICA DEWEY (OCLC) | |
| Número de clasificación | 909 |
| Número de documento/Ítem | M111 |
| Característica del encabezamiento | REFE |
| 100 ## - ENTRADA PRINCIPAL--NOMBRE DE PERSONA | |
| Nombre de persona | McNall Burns, Edward |
| 245 ## - MENCIÓN DE TÍTULO | |
| Título | Historia universal de la civilizaciones |
| 260 ## - PUBLICACIÓN, DISTRIBUCIÓN, ETC. (PIE DE IMPRENTA) | |
| Lugar de publicación, distribución, etc. | Buenos Aires |
| 260 ## - PUBLICACIÓN, DISTRIBUCIÓN, ETC. (PIE DE IMPRENTA) | |
| Nombre del editor, distribuidor, etc. | El Ateneo |
| 260 ## - PUBLICACIÓN, DISTRIBUCIÓN, ETC. (PIE DE IMPRENTA) | |
| Fecha de publicación, distribución, etc. | 1966 |
| 300 ## - DESCRIPCIÓN FÍSICA | |
| Extensión | 4 v. : il. col |
| 500 ## - NOTA GENERAL | |
| Nota general | Contiene: Tomo 1 Los albores de la historia. -- El mundo en la era clásica. -- El mundo en la edad media. -- Tomo 2. El mundo en la edad media (conclusion). -- Transición de lo medieval a lo moderno. -- Desarrollo y decadencia del absolutismo. -- Tomo 3. La era de la democracia y el nacionalismo (1800-1914). -- Tomo 4. La época de la guerra total y la revoluciòn (desde 1914) |
| 650 ## - PUNTO DE ACCESO ADICIONAL DE MATERIA--TÉRMINO DE MATERIA | |
| Término de materia o nombre geográfico como elemento inicial | EDAD DE PIEDRA; CIVILIZACION EGIPCIA; CIVILIZACION MESOPOTAMICA; CIVILIZACION PERSA; CIVILIZACION HEBREA; CIVILIZACION MUSULMANA; EUROPA-POLITICA ECONOMICA; EUROPA-EPOCA FEUDAL; EUROPA-DESARROLLO RELIGIOSO E INTELECTUAL; REVOLUCION INDUSTRIAL-SIGLO XIX-XX; PRIMER GUERRA MUNDIAL-1914/REFE/ |
| 700 ## - PUNTO DE ACCESO ADICIONAL--NOMBRE DE PERSONA | |
| Nombre de persona | Philip Lee, Ralph |
| 942 ## - ELEMENTOS DE PUNTO DE ACCESO ADICIONAL (KOHA) | |
| Tipo de ítem Koha | REFE |
| Estado de retiro | Estado de pérdida | Fuente del sistema de clasificación o colocación | Estado dañado | No para préstamo | Código de colección | Localización permanente | Ubicación/localización actual | Ubicación en estantería | Fecha de adquisición | Número de inventario | Total de préstamos | Signatura topográfica completa | Código de barras | Fecha visto por última vez | Precio válido a partir de | Tipo de ítem Koha | Nota pública |
|---|---|---|---|---|---|---|---|---|---|---|---|---|---|---|---|---|---|
| Dewey Decimal Classification | Referencia | Biblioteca Ernesto Sabato - FADECS - UNCOMA | Biblioteca Ernesto Sabato - FADECS - UNCOMA | Referencia | 21/02/2017 | 355 | 909M111 | 355 | 21/02/2017 | 21/02/2017 | REFE | v.1 | |||||
| Dewey Decimal Classification | Referencia | Biblioteca Ernesto Sabato - FADECS - UNCOMA | Biblioteca Ernesto Sabato - FADECS - UNCOMA | Referencia | 21/02/2017 | 356 | 909M111 | 356 | 21/02/2017 | 21/02/2017 | REFE | v. 2 | |||||
| Dewey Decimal Classification | Referencia | Biblioteca Ernesto Sabato - FADECS - UNCOMA | Biblioteca Ernesto Sabato - FADECS - UNCOMA | Referencia | 21/02/2017 | 357 | 909M111 | 357 | 21/02/2017 | 21/02/2017 | REFE | v. 3 | |||||
| Dewey Decimal Classification | Referencia | Biblioteca Ernesto Sabato - FADECS - UNCOMA | Biblioteca Ernesto Sabato - FADECS - UNCOMA | Referencia | 21/02/2017 | 358 | 909M111 | 358 | 21/02/2017 | 21/02/2017 | REFE | v. 4 |